000 00252nam a2200097Ia 4500
008 120527s9999 xx 000 0 und d
100 _aEMU, Oyibofarhe(Justice)
245 _aFundamentals of computer science and technology
260 _bKay
942 _cBK
999 _c25295
_d25295